Score 0/13 Timer 03:00
2 Plays Today
Song Lyrics 5-Letter Word % Correct
When your rooster _____ at the break of dawn,CROWS
89.9%
And when I awoke I was alone, this bird had _____FLOWN
85%
Beneath this mask I am wearing a _____.FROWN
82.1%
Levon wears his war wound like a _____.CROWN
82.1%
You have pointed out my _____ again.FLAWS
79.4%
Soon turned out, had a heart of _____.GLASS
77.9%
Well, a few of the verses,
well, they've got me quite _____.
CROSS
75%
Who's got their _____ in you my friend?CLAWS
74.7%
It landed foul on the _____.GRASS
74.5%
The lunatic is on the _____.GRASS
74.5%
They moved on to the next schmoe who _____FLOWS
72.8%
I wondered if I had enough _____.CLASS
71%
The kid was just _____.CRASS
68.7%

Today's Daily Dose

Missing Word
I Hardly Know Her!

Word Ladder
Sentence Ending

Quick Pick
Female Firsts

Get the Picture
Triathlon Sports

Remove Ads.
Support Sporcle.
Get the best of Sporcle when you Go Orange. This ad-free experience offers more features, more stats, and more fun while also helping to support Sporcle. Thank you for becoming a member.

You're not logged in!

Compare scores with friends on all Sporcle quizzes.
OR
Log In

Show Comments

Extras

Top Quizzes Today


Score Distribution

Your Account Isn't Verified!

In order to create a playlist on Sporcle, you need to verify the email address you used during registration. Go to your Sporcle Settings to finish the process.

Report this User

Report this user for behavior that violates our Community Guidelines.

Details: